Comparatif des pays du Bénélux - Statistiques

Statistiques générales
  • Ce quiz a été pris 42 fois
  • Le résultat moyen est 47 sur 75
Statistiques - réponses
Question Tuile Select % Correct
Sa capitale commence par la même lettre que le nom du pays. Non
97%
Ce pays a une frontière avec la France Oui
97%
Ce pays a une frontière avec la France Oui
94%
Le pays compte plus d'un million d'habitants Non
94%
Le pays compte plus d'un million d'habitants Oui
92%
Ce pays est un des signataire du Traité de Rome en 1957 Oui
92%
C'est une monarchie constitutionnelle Oui
89%
Le pays compte plus d'un million d'habitants Oui
89%
Le français et l'allemand font partie des langues officielles Non
89%
Ce pays a une façade maritime Oui
89%
La Meuse y coule Oui
86%
Le Franc a été sa monnaie avant l'euro Non
86%
Ce pays a une façade maritime Non
86%
A un PIB par habitant supérieur à 45000 $ Oui
86%
Sa capitale commence par la même lettre que le nom du pays. Oui
83%
Ce pays est frontalier de l'Allemagne Oui
83%
Sa capitale compte moins de 500000 habitants Non
83%
Sa capitale compte moins de 500000 habitants Oui
83%
Ce pays a une façade maritime Oui
83%
Le taux de chômage y est inférieur à 5% Non
83%
Le pays mesure plus de 35000 kms Non
81%
Ce pays est frontalier de l'Allemagne Oui
81%
Le taux de chômage des jeunes y dépasse les 15% en 2023 Oui
81%
Ce pays est un des signataire du Traité de Rome en 1957 Oui
78%
Ce pays est un des signataire du Traité de Rome en 1957 Oui
78%
Le pays mesure plus de 35000 kms Oui
78%
Le français et l'allemand font partie des langues officielles Oui
78%
Possède un réseau ferroviaire de plus de 3500 km Non
78%
Dispose d'un système de santé public Oui
78%
Sa capitale commence par la même lettre que le nom du pays. Oui
75%
C'est une monarchie constitutionnelle Oui
75%
Le Franc a été sa monnaie avant l'euro Oui
75%
Ce pays est frontalier de l'Allemagne Oui
75%
Possède un réseau ferroviaire de plus de 3500 km Oui
75%
Le pays possède plus de 25 aéroports Non
75%
Plus de 20 % de son territoire est occupé par la forêt Non
72%
Sa capitale compte moins de 500000 habitants Non
69%
Dans ce pays, le taux de mortalité est inférieur à 8 pour 1000 Oui
69%
Le taux de chômage des jeunes y dépasse les 15% en 2023 Non
69%
Le français et l'allemand font partie des langues officielles Oui
67%
Le taux d'obésité chez les adultes est supérieur à 20% Oui
67%
Il s'y trouve plus de 3 médecins pour 1000 habitants Oui
67%
Plus de 20 % de son territoire est occupé par la forêt Oui
64%
Le pays possède plus de 25 aéroports Oui
64%
La Meuse y coule Non
61%
Les dépenses de l'Etat pour l'éducation sont supérieures à 5 % du PIB Oui
58%
Le Franc a été sa monnaie avant l'euro Oui
56%
C'est une monarchie constitutionnelle Oui
50%
Plus de 20 % de son territoire est occupé par la forêt Oui
50%
Dans ce pays, le taux de mortalité est inférieur à 8 pour 1000 Non
50%
Dispose d'un système de santé public Oui
50%
Ce pays a une frontière avec la France Non
47%
Le pays a une densité de population supérieure à 350 personnes au km2 Oui
47%
L'âge moyen de la population est inférieur à 40 ans en 2023 Non
47%
Le pays possède plus de 25 aéroports Oui
47%
L'âge moyen de la population est inférieur à 40 ans en 2023 Non
44%
Les dépenses de l'Etat pour l'éducation sont supérieures à 5 % du PIB Oui
44%
Il s'y trouve plus de 3 médecins pour 1000 habitants Oui
44%
Le pays a une densité de population supérieure à 350 personnes au km2 Oui
42%
Le pays a une densité de population supérieure à 350 personnes au km2 Non
42%
A un PIB par habitant supérieur à 45000 $ Oui
39%
Le pays mesure plus de 35000 kms Non
36%
L'âge moyen de la population est inférieur à 40 ans en 2023 Oui
36%
Le taux de chômage y est inférieur à 5% Oui
33%
La Meuse y coule Oui
31%
Possède un réseau ferroviaire de plus de 3500 km Non
28%
Dans ce pays, le taux de mortalité est inférieur à 8 pour 1000 Non
25%
Les dépenses de l'Etat pour l'éducation sont supérieures à 5 % du PIB Non
22%
A un PIB par habitant supérieur à 45000 $ Oui
19%
Le taux d'obésité chez les adultes est supérieur à 20% Oui
19%
Le taux d'obésité chez les adultes est supérieur à 20% Oui
19%
Il s'y trouve plus de 3 médecins pour 1000 habitants Oui
19%
Dispose d'un système de santé public Non
19%
Le taux de chômage y est inférieur à 5% Non
6%
Le taux de chômage des jeunes y dépasse les 15% en 2023 Oui
0%
Aucun quiz correspondant
Distribution des résultats
% des personnes avec chaque résultat
Percentile par nombre de réponses
Votre historique - résultats
Vous n’avez pas pris ce quiz